Methods and tools for completing Doctor of Business Administration (DBA) theses / (Record no. 192197)

MARC details
000 -LEADER
fixed length control field 01336cam a2200325 i 4500
001 - CONTROL NUMBER
control field 991009120302419
003 - CONTROL NUMBER IDENTIFIER
control field MY-SjTCS
005 - DATE AND TIME OF LATEST TRANSACTION
control field 20250626131822.0
008 - FIXED-LENGTH DATA ELEMENTS--GENERAL INFORMATION
fixed length control field 250626t2021 enk||||| b||| 00| 0 eng d
020 ## - INTERNATIONAL STANDARD BOOK NUMBER
International Standard Book Number 9781527570917
Qualifying information paperback
037 ## - SOURCE OF ACQUISITION
Stock number 9781527536050
Source of stock number/acquisition Cambridge Scholars Publishing
040 ## - CATALOGING SOURCE
Original cataloging agency N$T
Language of cataloging eng
Transcribing agency N$T
Modifying agency N$T
-- Uk
Description conventions rda
-- pn
Modifying agency WlAbNL
-- MY-SjTCS
082 04 - DEWEY DECIMAL CLASSIFICATION NUMBER
Classification number 808.02
Item number DIG 2021
100 1# - MAIN ENTRY--PERSONAL NAME
Personal name Digout, Jacques,
Dates associated with a name 1957-
Relator term author.
9 (RLIN) 308581
245 10 - TITLE STATEMENT
Title Methods and tools for completing Doctor of Business Administration (DBA) theses /
Statement of responsibility, etc. by Jacques Digout, Sylvain Senechal and Charbel Salloum.
264 #1 - PRODUCTION, PUBLICATION, DISTRIBUTION, MANUFACTURE, AND COPYRIGHT NOTICE
Place of production, publication, distribution, manufacture Newcastle upon Tyne, UK :
Name of producer, publisher, distributor, manufacturer Cambridge Scholars Publishing,
Date of production, publication, distribution, manufacture, or copyright notice [2021]
264 #4 - PRODUCTION, PUBLICATION, DISTRIBUTION, MANUFACTURE, AND COPYRIGHT NOTICE
Date of production, publication, distribution, manufacture, or copyright notice ©2021
300 ## - PHYSICAL DESCRIPTION
Extent xxvi, 357 pages :
Other physical details illustrations ;
Dimensions 21 cm
336 ## - CONTENT TYPE
Content type term text
Source rdacontent
337 ## - MEDIA TYPE
Media type term unmediated
Source rdamedia
338 ## - CARRIER TYPE
Carrier type term volume
Source rdacarrier
504 ## - BIBLIOGRAPHY, ETC. NOTE
Bibliography, etc. note Includes bibliographical references.
650 #0 - SUBJECT ADDED ENTRY--TOPICAL TERM
Topical term or geographic name entry element Academic writing.
9 (RLIN) 201200
650 #0 - SUBJECT ADDED ENTRY--TOPICAL TERM
Topical term or geographic name entry element Dissertations, Academic
Form subdivision Handbooks, manuals, etc.
9 (RLIN) 33610
650 #0 - SUBJECT ADDED ENTRY--TOPICAL TERM
Topical term or geographic name entry element Business education
General subdivision Study and teaching
Form subdivision Handbooks, manuals, etc.
9 (RLIN) 308563
650 #0 - SUBJECT ADDED ENTRY--TOPICAL TERM
Topical term or geographic name entry element Doctoral students
Form subdivision Handbooks, manuals, etc.
9 (RLIN) 308565
700 1# - ADDED ENTRY--PERSONAL NAME
Personal name Senechal, Sylvain,
Relator term author.
9 (RLIN) 308566
700 1# - ADDED ENTRY--PERSONAL NAME
Personal name Salloum, Charbel,
Relator term author.
9 (RLIN) 308567
920 ## - Programme
Programme SOMM : 338434, 338435
Holdings
Withdrawn status Lost status Source of classification or shelving scheme Damaged status Not for loan Home library Current library Date acquired Source of acquisition Cost, normal purchase price Total Checkouts Barcode Date last seen Uniform Resource Identifier Cost, replacement price Price effective from Koha item type Public note
    Dewey Decimal Classification     Taylor's Library-TU Taylor's Library-TU 06/04/2026 522 179.40   5000175628 06/04/2026 Floor 2, Shelf 2 , Side 1, TierNo 4, BayNo 6 179.40 06/04/2026 Reserve Collection SOMMx,13808,03,RM | SOMMx,13809,03,RM
    Dewey Decimal Classification     Taylor's Library-TU Taylor's Library-TU 06/04/2026 522 179.40   5000175763 06/04/2026 Floor 4, Shelf 34 , Side 1, TierNo 3, BayNo 1 179.40 06/04/2026 Graduate Collection SOMMx,13808,03,RM | SOMMx,13809,03,RM